English and Vietnamese Tag - Questions. End - of - Course thesis.

Salvato in:
Dettagli Bibliografici
Autore principale: Nguyễn Văn Thành.
Altri autori: Đặng Văn Hùng (hướng dẫn.)
Natura: Libro
Lingua:English
Pubblicazione: Đà Nẵng, 1996.
Soggetti:
Tags: Aggiungi Tag
Nessun Tag, puoi essere il primo ad aggiungerne! !
Thư viện lưu trữ: Mạng thư viện Đại học Đà Nẵng
LEADER 00911cmm a2200325 i 4500
001 000045047
003 4160
005 20030509080857.0
008 010308|1996 vm 000 eng
040 |a IRC  |c IRC  |d IRC 
041 0 |a eng 
082 1 4 |a 425  |b NG-T 
100 1 |a Nguyễn Văn Thành. 
245 0 0 |a English and Vietnamese Tag - Questions. End - of - Course thesis.  |h [Thesis-Luận văn] /  |c Nguyễn Văn Thành ; Đặng Văn Hùng hướng dẫn. 
260 |a Đà Nẵng,  |c 1996. 
300 |a 24p. ;  |c 30cm. 
630 0 4 |a Khoá luận. 
630 0 4 |a Vietnamese. 
650 0 4 |a English language  |x Grammar. 
700 1 |a Đặng Văn Hùng,  |e hướng dẫn. 
OWN |a DUT 
999 |a From the UDN01 
TYP |a Computer file 
TYP |a Monograph 
980 |a Mạng thư viện Đại học Đà Nẵng